LEADER 02720nam 22006015 450 001 9910156185703321 005 20260122233542.0 010 $a9781137565228 010 $a1137565225 024 7 $a10.1057/978-1-137-56522-8 035 $a(OCoLC)970681414 035 $a(MiFhGG)GVRL85KK 035 $a(CKB)3710000000985345 035 $a(MiAaPQ)EBC4773253 035 $a(MiFhGG)9781137565228 035 $a(DE-He213)978-1-137-56522-8 035 $a(Perlego)3499179 035 $a(EXLCZ)993710000000985345 100 $a20161221d2017 u| 0 101 0 $aeng 135 $aurun#---uuuua 181 $ctxt$2rdacontent 182 $cc$2rdamedia 183 $acr$2rdacarrier 200 13$aAn Examination of Black LGBT Populations Across the United States $eIntersections of Race and Sexuality /$fby Juan Battle, Antonio (Jay) Pastrana, Jr., Angelique Harris 205 $a1st ed. 2017. 210 1$aNew York :$cPalgrave Macmillan US :$cImprint: Palgrave Pivot,$d2017. 215 $a1 online resource (viii, 67 pages) $ccolor illustrations, charts 225 1 $aPalgrave pivot 311 08$a9781137565211 311 08$a1137565217 320 $aIncludes bibliographical references and index. 327 $a1. Introduction -- 2. Current Trends -- 3. Coming Out and Being Out -- 4. Religion and Spirituality -- 5. Family Life -- 6. The SJS Project: Phases of Research. 330 $aThis book utilizes personal narratives and survey data from over 2,100 respondents to explore the diversity of experiences across Black LGBT communities within the United States. The authors document and celebrate many of the everyday strengths and strategies employed by this extraordinary population to navigate and negotiate their daily lives. Juan Battle is a Professor of Sociology at the Graduate Center, CUNY, USA Antonio (Jay) Pastrana, Jr. is an Associate Professor at John Jay College of Criminal Justice, CUNY, USA   Angelique Harris is an Associate Professor of Sociology and Director of the Center for Gender and Sexualities Studies at Marquette University, USA. 410 0$aPalgrave pivot. 606 $aSex 606 $aEthnology 606 $aGender Studies 606 $aEthnology 615 0$aSex. 615 0$aEthnology. 615 14$aGender Studies. 615 24$aEthnology. 676 $a306 700 $aBattle$b Juan$f1968-$4aut$4http://id.loc.gov/vocabulary/relators/aut$01890192 702 $aPastrana$b Antonio Jay$cJr. 702 $aHarris$b Angelique 801 0$bMiFhGG 801 1$bMiFhGG 906 $aBOOK 912 $a9910156185703321 996 $aAn Examination of Black LGBT Populations Across the United States$94531872 997 $aUNINA